000 00204 a2200109 4500
020 _a9788444169620
041 _aspa
100 _aWebster, Christy
245 _aEquipo Verde
942 _cBK
952 _74
999 _c20717
_d20717